000 01393nam a22003857a 4500
003 CHAP
005 20220329134515.0
008 971013s1995 r 00010 d
010 _a21348
011 _a22320
035 _a26414
040 _cCHAP
090 _aTesis
100 0 0 _aPacheco Reyes, Salvador.
_984581
245 _aEfecto de la fertilización edáfica, foliar nitrogenada e inoculación en frijol [Phaseolus vulgaris L.] bajo condiciones de temporal
260 _aChapingo, Méx. :
_bEl autor,
_c1995
300 _a73 h.
502 _aTesis [Ing. Agr. Esp. en Fitotecnia ] -- UACH. Departamento de Fitotecnia
590 _aALEPH
_b10
_c20130110
_lUCH01
_h1245
590 _aBATCH-UPD
_b10
_c20130110
_lUCH01
_h0031
590 _aBATCH-UPD
_b10
_c20130110
_lUCH01
_h1032
590 _aBATCH-UPD
_b10
_c20130409
_lUCH01
_h2013
590 _aBATCH-UPD
_b10
_c20130410
_lUCH01
_h0635
590 _aBATCH-UPD
_b10
_c20130913
_lUCH01
_h2143
590 _aCONVERSION
_b10
_c20130109
_lUCH01
_h1313
650 1 4 _aAgricultura de temporal.
_91999
650 1 4 _aFertilización foliar.
_940445
650 1 4 _aFertilizantes
_xEfecto en frijol.
_940511
650 1 4 _aFrijol
_xInoculación.
_943396
650 1 4 _aNitrógeno
_xEfecto en frijol.
_981436
901 _aBK
942 _cFOLL
949 _bBC
_cTES
_d-60912
_eTS1
_h27190
_i26414
_si
949 _bBC
_cTES
_d-60913
_eTS2
_fc.2
_h27191
_i26414
_si
999 _c21348
_d21348